Radiology
McGraw-Hill Specialty Board Review: Radiology is an outstanding review for both residents-in-training and practicing radiologists. You’ll find everything you need in this one comprehensive resource . . . questions, answers, detailed explanations, and targeted coverage that emphasizes key material in...
Sparad:
| Materialtyp: | Bok |
|---|---|
| Språk: | Undetermined |
| Publicerad: |
New York
McGraw-Hill Education
2009
|
| Ämnen: | |
| Taggar: |
Lägg till en tagg
Inga taggar, Lägg till första taggen!
|
| Thư viện lưu trữ: | Trung tâm Học liệu Trường Đại học Cần Thơ |
|---|
| LEADER | 00822nam a2200181Ia 4500 | ||
|---|---|---|---|
| 001 | CTU_190159 | ||
| 008 | 210402s9999 xx 000 0 und d | ||
| 082 | |a 616.0757 | ||
| 082 | |b R129 | ||
| 245 | 0 | |a Radiology | |
| 245 | 0 | |c Editor Cheri L. Canon | |
| 260 | |a New York | ||
| 260 | |b McGraw-Hill Education | ||
| 260 | |c 2009 | ||
| 520 | |a McGraw-Hill Specialty Board Review: Radiology is an outstanding review for both residents-in-training and practicing radiologists. You’ll find everything you need in this one comprehensive resource . . . questions, answers, detailed explanations, and targeted coverage that emphasizes key material in a simple, straightforward manner and reinforces important concepts. | ||
| 650 | |a Radiology,X-quang | ||
| 904 | |i Qhieu | ||
| 980 | |a Trung tâm Học liệu Trường Đại học Cần Thơ | ||